000 00307nam a22000977a 4500
008 150728b xxu||||| |||| 00| 0 eng d
010 _8HCCRSARF:038
245 _aHIGH COURT CRIMINAL SESSION NO.43 OF 1978 Uganda Vs Antonio Aruka
260 _aHigh Court Kampala
500 _3BEFORE: Hon. Mr. Justice J.H. Ntabgoba
999 _c8282
_d8282